000 00363nam a2200109Ia 4500
008 171211s9999 xx 000 0 und d
245 _aPentecostalism in Africa: Presence and Impact of Pneumatic Christianity in Postcolonial Societies
245 _cMartin Lindhardt
260 _c2014
650 _xReligion
856 _uhttp://down.ebook777.com/062/900428186X.pdf
999 _c350521
_d350521